Score 0/25 Timer 08:00
2 Plays Today
% Correct
The Lion King
97.6%
The Wizard of Oz
96.3%
Forrest Gump
89.8%
E.T. the Extra-Terrestrial
88.7%
The Shining
86.4%
How to Train Your Dragon
70.9%
Where the Wild Things Are
69.8%
I Am Legend
66.5%
Guardians of the Galaxy
66.4%
Ferris Bueller's Day Off
59.8%
2001: A Space Odyssey
58.3%
Signs
50.6%
Planes, Trains & Automobiles
42.3%
% Correct
District 9
37.9%
Big Fish
36.9%
Silver Linings Playbook
36.1%
Seven Samurai
29.8%
Falling Down
29.5%
Raising Arizona
25.4%
Les Misérables
24.8%
The Descendants
24.7%
The Pianist
24.4%
The Wrestler
22.9%
The Grand Budapest Hotel
18.2%
Capote
16.7%
Remove Ads.
Support Sporcle.
Get the best of Sporcle when you Go Orange. This ad-free experience offers more features, more stats, and more fun while also helping to support Sporcle. Thank you for becoming a member.

You're not logged in!

Compare scores with friends on all Sporcle quizzes.
OR
Log In

Sporcle TV

Today on Sporcle TV


Watch our educational content, quiz creation guides, and fun videos on Sporcle TV.

Show Comments

Extras

Top Quizzes Today


Score Distribution

Paid Content

Your Account Isn't Verified!

In order to create a playlist on Sporcle, you need to verify the email address you used during registration. Go to your Sporcle Settings to finish the process.

Report this User

Report this user for behavior that violates our Community Guidelines.

Details: